El tren y las cosas / (Record no. 146405)

MARC details
000 -LEADER
campo de control de longitud fija 00544nam a2200193 i 4500
001 - NÚMERO DE CONTROL
campo de control 146405
003 - IDENTIFICADOR DE NÚMERO DE CONTROL
campo de control ES-MaACL
005 - FECHA Y HORA DE LA ÚLTIMA TRANSACCIÓN
campo de control 20250629063129.0
007 - CAMPO FIJO DE DESCRIPCIÓN FÍSICA--INFORMACIÓN GENERAL
campo de control de longitud fija t|
008 - DATOS DE LONGITUD FIJA--INFORMACIÓN GENERAL
campo de control de longitud fija 070907s1960 sp ||||1| spa d
080 ## - NÚMERO DE LA CLASIFICACIÓN DECIMAL UNIVERSAL
Número de la Clasificación Decimal Universal 86-14"19"
100 1# - ENTRADA PRINCIPAL--NOMBRE DE PERSONA
Nombre de persona Tovar, Antonio,
Fechas asociadas al nombre 1911-1985
9 (RLIN) 111167
245 13 - MENCIÓN DEL TÍTULO
Título El tren y las cosas /
Mención de responsabilidad, etc. Antonio Tovar.
260 ## - PUBLICACIÓN, DISTRIBUCIÓN, ETC.
Lugar de publicación, distribución, etc. Orense :
Nombre del editor, distribuidor, etc. La Comercial,
Fecha de publicación, distribución, etc. 1960.
300 ## - DESCRIPCIÓN FÍSICA
Extensión 83 p. :
Otras características físicas il. ;
Dimensiones 19 cm.
500 ## - NOTA GENERAL
Nota general Premio de poesía "Marina"
852 ## - LOCALIZACIÓN
Ubicación ES-MaACL
Número de control de estantería C-19089
Sublocalización o colección R.46431
Holdings
Estatus retirado Estado de pérdida Estado de daño No para préstamo Biblioteca de origen Biblioteca actual Ubicación en estantería Fecha de adquisición Fuente de adquisición Total de préstamos Signatura topográfica completa Código de barras Visto por última vez Precio de reemplazo Tipo de ítem Koha
        Biblioteca del Ateneo de Madrid Biblioteca del Ateneo de Madrid Galería 17/01/2008     C-19089 1152807 23/02/2023 23/02/2023 Libro impreso